000 00656nam a2200181 a 4500
001 BRCA_6072
005 20190320205325.0
008 170608s1992----mx-a---###---#000-0#spa-#
050 4 _aNA5070
_b.S26 1992
100 1 _aSánchez Cortina, Elena
_915344
245 1 0 _aEvangelización y creación artística
_bestudio de algunas pilas bautismales del siglo XVI en la Nueva España.
260 _aCiudad de México
_c1992
300 _a110 p.
_bil.
502 _aTesis Licenciatura (Licenciada en Historia del Arte) Universidad Iberoamericana
650 1 4 _aArquitectura
_xPilas bautismales
_ySiglo XVI
_zNueva España
_915345
902 _aTES
942 _2lcc
_cTES
999 _c5759
_d5759